La premiere guerre mondiale 1. 1914 - 1916

Bibliographic Details
Format: Book
Language:English
PhysicalDescription:334 s.
Published: [s.l.] [s.n.] [1977]

MARC

LEADER 00000nam a2200000 a 4500
001 vtls010279786
003 SK-MaSNL
005 20260223143750.0
008 110519 000 0 eng
040 |a SNK  |b slo  |c SNK  |e AACR2 
245 1 |a La premiere guerre mondiale 1.  |b 1914 - 1916 
260 |a [s.l.]  |b [s.n.]  |c [1977] 
300 |a 334 s. 
999 |c 577289  |d 579219 
952 |a SNK  |b SNK  |y VYP  |7 0  |p 17A0699742  |o snkIB 42807/1  |i snkZK 63/80  |8 4  |3 rekatalogizácia  |0 0  |1 0  |4 0  |d 2011-05-19  |l 0  |r 2026-02-23 14:37:50  |w 2026-02-23